000
002370000a22000970004500
100
1
_a
Uprichard, R. E. H.
245
1
0
_a
Counseling from the book of Psalm
300
_a
Vol. 6, Núm 1 (1988), Páginas 6-8
773
0
_t
Evangel
942
_c
ANA
999
_c
54310
_d
54310